[Event "ARG-chT"]
[Site "Villa Martelli"]
[Date "2015.09.05"]
[Round "2.8"]
[White "Benigni, Daniel"]
[Black "Palermo, Pablo"]
[Result "1-0"]
[WhiteElo "2223"]
[BlackElo "1777"]
[PlyCount "105"]
[EventDate "2015.08.29"]
[EventType "team-swiss"]
[EventRounds "9"]
[EventCountry "ARG"]
[SourceTitle "EXT 2017"]
[Source "ChessBase"]
[SourceDate "2016.10.25"]
[SourceVersion "1"]
[SourceVersionDate "2016.10.25"]
[SourceQuality "1"]
[WhiteTeam "Tren Verde"]
[BlackTeam "Mar del Plata"]
[WhiteTeamCountry "ARG"]
[BlackTeamCountry "ARG"]

1. d4 Nf6 2. Nf3 g6 3. Bg5 Bg7 4. Nbd2 d5 5. e3 0-0 6. Be2 Nbd7 7. 0-0 c5 8. c3 h6 9. Bh4 g5 10. Bg3 Nh5 11. Qb3 Nxg3 12. hxg3 cxd4 13. exd4 Nb6 14. Bd3 Qc7 15. Rfe1 Re8 16. a4 e6 17. a5 Nd7 18. Bb5 a6 19. Bd3 g4 20. Nh2 h5 21. Nhf1 Nf6 22. Ne3 Bd7 23. Qd1 e5 24. dxe5 Rxe5 25. Nb3 Rae8 26. Nd4 h4 27. gxh4 g3 28. Qf3 gxf2+ 29. Qxf2 Rxe3 30. Rxe3 Ng4 31. Qg3 Be5 32. Rxe5 Qxe5 33. Qxe5 Nxe5 34. Bf1 Ng4 35. Nf3 Ne3 36. Bd3 Nc4 37. Bxc4 dxc4 38. Re1 Kg7 39. Rxe8 Bxe8 40. Kf2 Kf6 41. g4 Bc6 42. Kg3 Ke7 43. Kf4 Kd6 44. Nd4 Bd7 45. g5 Ke7 46. Ke5 Kf8 47. Kf6 Bg4 48. Nf5 Bf3 49. Nd6 Bd5 50. h5 Kg8 51. h6 Be6 52. Nxb7 Bd5 53. Nc5 1-0

[Event "Villa Martelli Pro Am op 15th"]
[Site "Villa Martelli"]
[Date "2008.10.10"]
[Round "1"]
[White "Gibson, Tomas"]
[Black "Palermo, Pablo"]
[Result "1-0"]
[WhiteElo "2252"]
[BlackElo "1785"]
[PlyCount "73"]
[EventDate "2008.10.10"]
[EventType "swiss"]
[EventRounds "9"]
[EventCountry "ARG"]
[SourceTitle "CBM 126 Extra"]
[Source "ChessBase"]
[SourceDate "2008.11.05"]
[SourceVersion "1"]
[SourceVersionDate "2008.11.05"]
[SourceQuality "1"]

1. d4 Nf6 2. c4 g6 3. Nc3 Bg7 4. e4 d6 5. Be2 0-0 6. Nf3 e5 7. 0-0 Nc6 8. d5 Ne7 9. Ne1 Nd7 10. Nd3 f5 11. Bd2 Nf6 12. f3 f4 13. c5 g5 14. cxd6 cxd6 15. a4 h5 16. a5 g4 17. a6 b6 18. Be1 Ng6 19. Nb4 gxf3 20. gxf3 Nh7 21. Kh1 Ng5 22. Rg1 Qf6 23. Nb5 Nh3 24. Rg2 Rf7 25. Rc1 Bf8 26. Nc7 Rg7 27. Ne8 Qf7 28. Nxg7 Bxg7 29. Rc6 Qf6 30. Rc7 Qd8 31. Qc2 Ne7 32. Bh4 Bd7 33. Bf6 Nf2+ 34. Kg1 Nh3+ 35. Kf1 Ng5 36. Rxg5 Bh3+ 37. Ke1 1-0

[Event "Villa Martelli Proyeccion op 1st"]
[Site "Villa Martelli"]
[Date "2007.04.24"]
[Round "2"]
[White "Palermo, Pablo"]
[Black "Alvarez, Roberto Gabriel"]
[Result "0-1"]
[WhiteElo "1783"]
[BlackElo "2090"]
[PlyCount "46"]
[EventDate "2007.04.19"]
[EventType "swiss"]
[EventRounds "7"]
[EventCountry "ARG"]
[SourceTitle "EXT 2019"]
[Source "ChessBase"]
[SourceDate "2018.10.10"]
[SourceVersion "1"]
[SourceVersionDate "2018.10.10"]
[SourceQuality "1"]

1. e4 Nf6 2. Nc3 d5 3. Nf3 dxe4 4. Ng5 Bf5 5. Bc4 e6 6. Qe2 Be7 7. Ngxe4 0-0 8. Nxf6+ Bxf6 9. d3 Nc6 10. Be3 a6 11. g4 Bg6 12. 0-0-0 Nd4 13. Bxd4 Qxd4 14. h4 b5 15. h5 bxc4 16. hxg6 hxg6 17. Qd2 Be5 18. Kb1 Rfb8 19. Ka1 Rxb2 20. Kxb2 Rb8+ 21. Kc1 Bf4 22. dxc4 Bxd2+ 23. Rxd2 Qxc3 0-1